Донесение графа Бобринского Муравьеву М. Н. о мерах, принятых по отношению к участникам польского восстания 1863 г. в Гродненско...

RUSMARC
00005811cbc2a2200265#x 450
0013538950e-ff45-4835-ba94-88df5dae6814
00520230523151544.0
100##$a20160331l18631863k y0rusy50 ca
1010#$arus
102##$aRU
105##$ay z |||||
1220#$ad18630628##
2001#$aДонесение графа Бобринского Муравьеву М. Н. о мерах, принятых по отношению к участникам польского восстания 1863 г. в Гродненской губернии
$e28 июня 1863 года
$j1863
215##$a11 листов
251##$cДело
300##$aРукописный текст. Чернила
330##$aВходит в раздел описи: Документальные материалы, отложившиеся в результате служебной деятельности Муравьева М. Н.
461#0$1001c2c6c6a4-a01e-4d13-acb7-e6a0c9078d03
$12001
$aМУРАВЬЕВ МИХАИЛ НИКОЛАЕВИЧ, ГРАФ, ГЕНЕРАЛ ОТ ИНФАНТЕРИИ, ДИРЕКТОР ДЕПАРТАМЕНТА РАЗНЫХ ПОДАТЕЙ И СБОРОВ, ЧЛЕН ГОСУДАРСТВЕННОГО СОВЕТА, МИНИСТР ГОСУДАРСТВЕННЫХ ИМУЩЕСТВ (1857-1862 гг.), ВОЕННЫЙ ГЕНЕРАЛ-ГУБЕРНАТОР ВИЛЕНСКОЙ ГУБЕРНИИ (1863 г.)
$1251
$cФонд
$1852
$j811
462#0$100164fda34d-2ca7-44fe-ab14-22f23de5401d
$12001
$aОпись дел фонда М. Н. Муравьева за 1825-1897 гг.
$vД. 42
$1251
$cОпись
$1852
$j1
801#0$aRU
$bGA_RF
801#1$aRU
$bНПО Опыт
$c20160331
$2rusmarc
801#2$aRU
$bПБ им. Б.Н. Ельцина
$c20160608
$gRCR
$2rusmarc
852##$aГА РФ
$j42
937##$d76538573
$hПБ
035##$aRuPRLIB51037659
6061#$2nlr_sh
$3RU\NLR\AUTH\66171838
$aПольское восстание
$jДокументы и материалы
$z1863 - 1864
686##$2rubbk
$a63.3(28-8Гро)52ю1
$vLBC/M
607##$2prlib_sh
$3LIBNET\UAF\0000064022
$aГродненская губерния
$jДокументы и материалы
$z19 в.
617##$2prlib_sh
$cГродненская губерния
617##$2prlib_sh
$aБелоруссия
605##$2acquisition_Prlib
$3DITM\AF\0000004461
$aРоссия и страны мира
$lколлекция
605##$aВласть
$lколлекция
$2acquisition_Prlib
$3DITM\AF\0000002775
605##$aНарод
$lколлекция
$2acquisition_Prlib
$3DITM\AF\0000003834
605##$aМ. Н. Муравьев
$lколлекция
$2acquisition_Prlib
$3LIBNET\UAF\0000064007
605##$aРоссия - Беларусь: из истории взаимоотношений
$lколлекция
$2acquisition_Prlib
$3LIBNET\UAF\0000107215
8564#$uhttp://www.prlib.ru/Lib/pages/item.aspx?itemid=140994
Формат отображения